00588nam a2200241Ia 4500008004100000040001200041082002200053082001600075100002300091245001800114300000700132300001700139300000600156300001400162530001700176563001000193600002300203630001800226650002100244650004000265700002300305730001800328160321s9999||||xx |||||||||||||| ||und|| cEnglish aXI.A/Vaidyanathan bBORI-102737 aK. S. Vaidyanathan aTamra Rashtra a78 bEighty-fifth cA ePaperback u00059383.pdf aStudy aK. S. Vaidyanathan aTamra Rashtra aGeneral Indology aPolitics History and Historiography aK. S. Vaidyanathan aTamra Rashtra